Wireless Communications: (Record no. 200730)

MARC details
000 -LEADER
fixed length control field 00675nam a22001937a 4500
005 - DATE AND TIME OF LATEST TRANSACTION
control field 20240214122023.0
010 ## - LCCN (DPL NO)
LC control number ENG-139225
020 ## - INTERNATIONAL STANDARD BOOK NUMBER
Terms of availability 899.00
International Standard Book Number 9789356066212
035 ## - SYSTEM CONTROL NUMBER
System control number EN-122757
037 ## - SOURCE OF ACQUISITION
Source of stock number/acquisition DBAD/PUB
082 ## - DEWEY DECIMAL CLASSIFICATION NUMBER
Classification number 621.382
Edition number 2
100 ## - MAIN ENTRY--PERSONAL NAME
Personal name Rappaport, Theodore S
245 ## - TITLE STATEMENT
Title Wireless Communications:
Remainder of title Principles and Practice/
Statement of responsibility, etc By Theodore S Rappaport
250 ## - EDITION STATEMENT
Edition statement 2
260 ## - PUBLICATION, DISTRIBUTION, ETC. (IMPRINT)
Place of publication, distribution, etc Uttar Pradesh
Name of publisher, distributor, etc Pearson India Education Pvt Ltd
Date of publication, distribution, etc 2022
270 ## - ADDRESS
City Uttar Pradesh
Address 15th FLoor, Tower-B, World Trade Tower, Plot No.1, Block- C, Sector-16, Noida
Postal code 201301
300 ## - PHYSICAL DESCRIPTION
Extent xix,733p.
Dimensions 23cm(pb)
Other physical details Index
942 ## - ADDED ENTRY ELEMENTS (KOHA)
Source of classification or shelving scheme Dewey Decimal Classification
Item type English Books
Classification part 621.382
Call number suffix RAP
Edition 2
Holdings
Withdrawn status Lost status Not for loan Collection code Home library Current library Date acquired Source of acquisition Cost, normal purchase price Full call number Barcode Copy number Cost, replacement price Koha item type
      Non-fiction Bawana Bawana 14/02/2024 DBAD 899.00 621.382 RAP EN-122757 1 899.00 English Books

© Delhi Public Library
Hit Counter
free hit counter